Ejercicios de lógica

Sparad:
Bibliografiska uppgifter
Huvudupphovsman: Pérez Sedeño, Eulalia (Författare, medförfattare)
Materialtyp: Bok
Språk:spanska
Publicerad: Madrid Siglo XXI 1991
Upplaga:1a. ed
Serie:Manuales Lógica
Ämnen:
Taggar: Lägg till en tagg
Inga taggar, Lägg till första taggen!

MARC

LEADER 00000nam a2200000 a 4500
001 UCL6847
003 CL-VaPUC
008 040423e19910000SP |||||||||||||||||spa|d
020 |a 8432307300 
082 0 4 |a 160  |b PER  |2 21 
100 0 |a Pérez Sedeño, Eulalia  |e author  |9 484488 
245 1 0 |a Ejercicios de lógica 
250 |a 1a. ed 
300 |a 137 p 
942 |c BK 
945 |d 20040423 00:00:00  |a cmena 
260 |a Madrid  |b Siglo XXI  |c 1991 
650 0 |a Lógica  |9 256849 
650 0 |a Análisis del discurso  |9 256696 
583 |a last modification  |c 20040423 00:00:00  |k Rodrigo Vera 
490 0 |a Manuales Lógica 
999 |c 308733  |d 308731 
952 |0 0  |1 0  |4 0  |6 160_000000000000000_PER_1991  |7 0  |8 A  |9 375538  |a BIBMAT  |b BIBMAT  |d 2019-11-21  |i 3999599  |o 160 PER 1991  |p 3999599  |r 2025-01-07  |w 2019-11-21  |y BK  |k MAT 
952 |0 0  |1 0  |4 0  |6 160_000000000000000_PER_1991  |7 0  |8 A  |9 375539  |a BIBMAT  |b BIBMAT  |d 2019-11-21  |i 3999602  |o 160 PER 1991  |p 3999602  |r 2025-01-07  |w 2019-11-21  |y BK  |k MAT